<?xml version="1.0" encoding="UTF-8"?>
<record
    xmlns:xsi="http://www.w3.org/2001/XMLSchema-instance"
    xsi:schemaLocation="http://www.loc.gov/MARC21/slim http://www.loc.gov/standards/marcxml/schema/MARC21slim.xsd"
    xmlns="http://www.loc.gov/MARC21/slim">

  <leader>01498nam a22003017a 4500</leader>
  <controlfield tag="001">76631</controlfield>
  <controlfield tag="003">BD-RjUL</controlfield>
  <controlfield tag="005">20211209082851.0</controlfield>
  <controlfield tag="008">191228m19921990bg ||||| |||| 00| 0bben d</controlfield>
  <datafield tag="020" ind1=" " ind2=" ">
    <subfield code="c">: Tk. 115.00 (V-5) </subfield>
  </datafield>
  <datafield tag="020" ind1=" " ind2=" ">
    <subfield code="c">: Tk. 115.00 (V-6) </subfield>
  </datafield>
  <datafield tag="020" ind1=" " ind2=" ">
    <subfield code="c">: Tk. 115.00 (V-7) </subfield>
  </datafield>
  <datafield tag="020" ind1=" " ind2=" ">
    <subfield code="c">: Tk. 115.00 (V-8) </subfield>
  </datafield>
  <datafield tag="035" ind1=" " ind2=" ">
    <subfield code="a">(BD-RjUL)76855</subfield>
  </datafield>
  <datafield tag="040" ind1=" " ind2=" ">
    <subfield code="a">BD-RjUL</subfield>
    <subfield code="b">ben </subfield>
    <subfield code="c">BD-RjUL</subfield>
    <subfield code="d">BD-RjUL</subfield>
  </datafield>
  <datafield tag="041" ind1=" " ind2=" ">
    <subfield code="a">ben </subfield>
  </datafield>
  <datafield tag="082" ind1=" " ind2=" ">
    <subfield code="2">23 </subfield>
    <subfield code="a">297.63 </subfield>
    <subfield code="b">NUS V-1-2 1974-1975</subfield>
  </datafield>
  <datafield tag="100" ind1="1" ind2=" ">
    <subfield code="a">&#x9A8;&#x9C1;'&#x9AE;&#x9BE;&#x9A8;&#x9C0;, &#x986;&#x9B2;&#x9CD;&#x9B2;&#x9BE;&#x9AE;&#x9BE; &#x9B6;&#x9BF;&#x9AC;&#x9B2;&#x9C0;</subfield>
    <subfield code="9">237009</subfield>
  </datafield>
  <datafield tag="245" ind1="1" ind2="0">
    <subfield code="a">&#x9B8;&#x9C0;&#x9B0;&#x9BE;&#x9A4;&#x9C1;&#x9A8;&#x9CD; &#x9A8;&#x9AC;&#x9C0; :</subfield>
    <subfield code="b">( &#x9B8;&#x9BE;&#x9B2;&#x9CD;&#x9B2;&#x9BE;&#x9B2;&#x9CD;&#x9B2;&#x9BE;&#x9B9;&#x9C1; &#x986;&#x9B2;&#x9BE;&#x987;&#x9B9;&#x9BF; &#x993;&#x9AF;&#x9BC;&#x9BE; &#x9B8;&#x9BE;&#x9B2;&#x9CD;&#x9B2;&#x9BE;&#x9AE; ) /</subfield>
    <subfield code="c">&#x9AE;&#x9C2;&#x9B2;: &#x986;&#x9B2;&#x9CD;&#x9B2;&#x9BE;&#x9AE;&#x9BE; &#x9B6;&#x9BF;&#x9AC;&#x9B2;&#x9C0; &#x9A8;&#x9C1;'&#x9AE;&#x9BE;&#x9A8;&#x9C0; ; &#x9AC;&#x999;&#x9CD;&#x997;&#x9BE;&#x9A8;&#x9C1;&#x9AC;&#x9BE;&#x9A6;: &#x98F;. &#x995;&#x9C7;. &#x98F;&#x9AE;. &#x9AB;&#x99C;&#x9B2;&#x9C1;&#x9B0; &#x9B0;&#x9B9;&#x9AE;&#x9BE;&#x9A8; &#x9AE;&#x9C1;&#x9A8;&#x9B6;&#x9C0; </subfield>
  </datafield>
  <datafield tag="250" ind1=" " ind2=" ">
    <subfield code="a">&#x9E7;&#x9AE; &#x9B8;&#x982;.</subfield>
  </datafield>
  <datafield tag="260" ind1=" " ind2=" ">
    <subfield code="a">&#x9A2;&#x9BE;&#x995;&#x9BE; :</subfield>
    <subfield code="b">&#x9A6;&#x9BF; &#x9A4;&#x9BE;&#x99C; &#x9AA;&#x9BE;&#x9AC;&#x9B2;&#x9BF;&#x9B6;&#x9BF;&#x982; &#x9B9;&#x9BE;&#x989;&#x9B8;,</subfield>
    <subfield code="c">&#x9E7;&#x9EF;&#x9EF;&#x9E6;-&#x9E7;&#x9EF;&#x9EF;&#x9E8;</subfield>
  </datafield>
  <datafield tag="300" ind1=" " ind2=" ">
    <subfield code="a"> &#x996;&#x9A3;&#x9CD;&#x9A1; ; </subfield>
    <subfield code="c">&#x9E8;&#x9EB; &#x9B8;&#x9C7;&#x9AE;&#x9BF;. </subfield>
  </datafield>
  <datafield tag="505" ind1="0" ind2=" ">
    <subfield code="a">&#x996;&#x9A3;&#x9CD;&#x9A1; &#x9EB; -- &#x996;&#x9A3;&#x9CD;&#x9A1; &#x9EC; -- &#x996;&#x9A3;&#x9CD;&#x9A1; &#x9ED; -- &#x996;&#x9A3;&#x9CD;&#x9A1; &#x9EE; --</subfield>
  </datafield>
  <datafield tag="600" ind1=" " ind2=" ">
    <subfield code="a">&#x9B9;&#x9AF;&#x9B0;&#x9A4; &#x9AE;&#x9C1;&#x9B9;&#x9BE;&#x9AE;&#x9CD;&#x9AE;&#x9BE;&#x9A6; (&#x9B8;&#x983;),  </subfield>
    <subfield code="d">&#x9EB;&#x9ED;&#x9E6;-&#x9EC;&#x9E9;&#x9E8; </subfield>
    <subfield code="x">&#x99C;&#x9C0;&#x9AC;&#x9A8;&#x9C0;</subfield>
    <subfield code="9">237012</subfield>
  </datafield>
  <datafield tag="600" ind1=" " ind2=" ">
    <subfield code="a">Hazrat Muhammad (SM)</subfield>
    <subfield code="y">570-632</subfield>
    <subfield code="x">Biography</subfield>
    <subfield code="9">237013</subfield>
  </datafield>
  <datafield tag="700" ind1=" " ind2=" ">
    <subfield code="a">&#x9AE;&#x9C1;&#x9A8;&#x9B6;&#x9C0;, &#x98F;. &#x995;&#x9C7;. &#x98F;&#x9AE;. &#x9AB;&#x99C;&#x9B2;&#x9C1;&#x9B0; &#x9B0;&#x9B9;&#x9AE;&#x9BE;&#x9A8;, &#x985;&#x9A8;&#x9C1;&#x9AC;&#x9BE;&#x9A6;&#x995; </subfield>
    <subfield code="9">161082</subfield>
  </datafield>
  <datafield tag="942" ind1=" " ind2=" ">
    <subfield code="2">ddc</subfield>
    <subfield code="c">BK</subfield>
  </datafield>
  <datafield tag="999" ind1=" " ind2=" ">
    <subfield code="c">76631</subfield>
    <subfield code="d">76631</subfield>
  </datafield>
  <datafield tag="952" ind1=" " ind2=" ">
    <subfield code="0">0</subfield>
    <subfield code="1">0</subfield>
    <subfield code="2">ddc</subfield>
    <subfield code="4">0</subfield>
    <subfield code="7">0</subfield>
    <subfield code="8">NFIC</subfield>
    <subfield code="a">RUCL</subfield>
    <subfield code="b">RUCL</subfield>
    <subfield code="c">Stack</subfield>
    <subfield code="d">1995-07-02</subfield>
    <subfield code="e">Islamic Quran Mahal, Dhaka</subfield>
    <subfield code="g">115.00</subfield>
    <subfield code="l">0</subfield>
    <subfield code="o">B 297.63  NUS V-5 1990</subfield>
    <subfield code="r">2019-12-28 00:00:00</subfield>
    <subfield code="t">C-2</subfield>
    <subfield code="w">2021-12-09</subfield>
    <subfield code="y">BK</subfield>
  </datafield>
  <datafield tag="952" ind1=" " ind2=" ">
    <subfield code="0">0</subfield>
    <subfield code="1">0</subfield>
    <subfield code="2">ddc</subfield>
    <subfield code="4">0</subfield>
    <subfield code="7">0</subfield>
    <subfield code="8">NFIC</subfield>
    <subfield code="a">RUCL</subfield>
    <subfield code="b">RUCL</subfield>
    <subfield code="c">Stack</subfield>
    <subfield code="d">1995-07-02</subfield>
    <subfield code="e">Islamic Quran Mahal, Dhaka</subfield>
    <subfield code="g">115.00</subfield>
    <subfield code="l">0</subfield>
    <subfield code="o">B 297.63  NUS V-6 1991</subfield>
    <subfield code="r">2019-12-28 00:00:00</subfield>
    <subfield code="t">C-2</subfield>
    <subfield code="w">2021-12-09</subfield>
    <subfield code="y">BK</subfield>
  </datafield>
  <datafield tag="952" ind1=" " ind2=" ">
    <subfield code="0">0</subfield>
    <subfield code="1">0</subfield>
    <subfield code="2">ddc</subfield>
    <subfield code="4">0</subfield>
    <subfield code="7">0</subfield>
    <subfield code="8">NFIC</subfield>
    <subfield code="a">RUCL</subfield>
    <subfield code="b">RUCL</subfield>
    <subfield code="c">Stack</subfield>
    <subfield code="d">1995-07-02</subfield>
    <subfield code="e">Islamic Quran Mahal, Dhaka</subfield>
    <subfield code="g">115.00</subfield>
    <subfield code="l">0</subfield>
    <subfield code="o">B 297.63  NUS V-7 1992</subfield>
    <subfield code="r">2019-12-28 00:00:00</subfield>
    <subfield code="t">C-2</subfield>
    <subfield code="w">2021-12-09</subfield>
    <subfield code="y">BK</subfield>
  </datafield>
  <datafield tag="952" ind1=" " ind2=" ">
    <subfield code="0">0</subfield>
    <subfield code="1">0</subfield>
    <subfield code="2">ddc</subfield>
    <subfield code="4">0</subfield>
    <subfield code="7">0</subfield>
    <subfield code="8">NFIC</subfield>
    <subfield code="a">RUCL</subfield>
    <subfield code="b">RUCL</subfield>
    <subfield code="c">Stack</subfield>
    <subfield code="d">1995-07-02</subfield>
    <subfield code="e">Islamic Quran Mahal, Dhaka</subfield>
    <subfield code="g">115.00</subfield>
    <subfield code="l">0</subfield>
    <subfield code="o">B 297.63  NUS V-8 1990</subfield>
    <subfield code="r">2019-12-28 00:00:00</subfield>
    <subfield code="t">C-2</subfield>
    <subfield code="w">2021-12-09</subfield>
    <subfield code="y">BK</subfield>
  </datafield>
</record>
